Warisan Indera Kayangan (Record no. 110280)

MARC details
000 -LEADER
fixed length control field 00683nam a2200253 i 4500
001 - CONTROL NUMBER
control field C2-0307535
003 - CONTROL NUMBER IDENTIFIER
control field PPAK
005 - DATE AND TIME OF LATEST TRANSACTION
control field 20180728094246.0
008 - FIXED-LENGTH DATA ELEMENTS--GENERAL INFORMATION
fixed length control field 110302s2008 my a|||| ||||| | may d
022 ## - INTERNATIONAL STANDARD SERIAL NUMBER
International Standard Serial Number 1394-2212
040 ## - CATALOGING SOURCE
Original cataloging agency PPAK
Language of cataloging eng
Transcribing agency PPAK
Description conventions rda
082 04 - DEWEY DECIMAL CLASSIFICATION NUMBER
Classification number 959.5111
Edition number 23
090 00 - LOCALLY ASSIGNED LC-TYPE CALL NUMBER (OCLC); LOCAL CALL NUMBER (RLIN)
Classification number (OCLC) (R) ; Classification number, CALL (RLIN) (NR) 959.5111
Feature heading WAR
Feature heading KK
245 00 - TITLE STATEMENT
Title Warisan Indera Kayangan
264 #1 - PRODUCTION, PUBLICATION, DISTRIBUTION, MANUFACTURE, AND COPYRIGHT NOTICE
Place of production, publication, distribution, manufacture Perlis :
Name of producer, publisher, distributor, manufacturer Perbadanan Perpustakaan Awam Perlis ,
Date of production, publication, distribution, manufacture, or copyright notice 2008
300 ## - PHYSICAL DESCRIPTION
Extent 36 pages :
Other physical details illustrations ;
Dimensions 28 cm
336 ## - CONTENT TYPE
Source rdacontent
Content type term text
337 ## - MEDIA TYPE
Source rdamedia
Media type term unmediated
338 ## - CARRIER TYPE
Source rdacarrier
Carrier type term volume
500 ## - GENERAL NOTE
General note Bil. XX, 2008
650 10 - SUBJECT ADDED ENTRY--TOPICAL TERM
Topical term or geographic name entry element Perlis - History
700 ## - ADDED ENTRY--PERSONAL NAME
Relator term author
942 ## - ADDED ENTRY ELEMENTS (KOHA)
-- dc
Koha item type Book
Holdings
Withdrawn Not for loan Current library Shelving location Date acquired Full call number Barcode Date last seen Koha item type
  Not For Loan Perpustakaan Alor Setar Koleksi Kedah 02/03/2011 KK 959.5111 WAR A00363210 09/05/2018 Book
  Not For Loan Perpustakaan Alor Setar Koleksi Kedah 17/03/2011 KK 959.5111 WAR A00364293 09/05/2018 Book
  Not For Loan Perpustakaan Alor Setar Koleksi Kedah 15/07/2012 KK 959.5111 WAR A00365412 09/05/2018 Book